O incidente da bola de cachorro / (Record no. 134)

MARC details
000 -LÍDER
campo de controle de tamanho fixo 01863nam a2200325 4500
001 - NÚMERO DE CONTROLE
campo de controle 134
003 - IDENTIFICADOR DO NÚMERO DE CONTROLE
campo de controle OSt
005 - DATA E HORÁRIO DA ÚLTIMA TRANSAÇÃO
campo de controle 20250207074543.0
008 - CAMPO DE DADOS FIXOS--INFORMAÇÃO GERAL
campo de controle de tamanho fixo 250128b |||||||g |||| 00| j eng d
020 ## - ISBN - INTERNATIONAL STANDARD BOOK NUMBER
ISBN - International Standard Book Number 9788562936272
040 ## - FONTE DA CATALOGAÇÃO
Idioma da catalogação por
041 ## - CÓDIGO DE IDIOMA
Código do idioma do original e/ou traduções intermediárias do texto eng
Código do idioma do texto/trilha sonora ou título diferente por
082 ## - CDD - CLASSIFICAÇÃO DECIMAL DE DEWEY
Número de Classificação 823
Número do exemplar C555i
100 1# - ENTRADA PRINCIPAL--NOME PESSOAL
Nome pessoal Christie, Agatha,
Datas associadas ao nome 1890-1976
9 (RLIN) 268
240 ## - TÍTULO UNIFORME
Título uniforme Agatha Christie´s secret notebooks:fifity years of mysteries inthe making
245 ## - TÍTULO
Título O incidente da bola de cachorro /
Indicação de responsabilidade, etc. Christie, Agatha ; Curran, John ; Tradução de Thereza Christina Rocque da Motta
260 ## - PUBLICAÇÃO, DISTRIBUIÇÃO, ETC.
Local de publicação, distribuição, etc. São Paulo
Nome do editor, distribuidor, etc. Leya
Data da publicação, distribuição, etc. 2010
300 ## - DESCRIÇÃO FÍSICA
Extensão 95 p.
490 1# - TÍTULO DA SÉRIE
Título da série Os diários secretos de Agatha Christie: 50 anos de mistério na criação
520 ## - NOTA DE RESUMO, ETC.
Resumo, etc. Curran, especialista na obra de Agatha Christie, a escritora que mais vendeu livros no mundo - 2 bilhões de exemplares em 45 idiomas, segundo seu site oficial -, passou quatro anos analisando os rascunhos.<br/><br/>"Eu sabia da existência dos cadernos, mas nunca, nem em meus melhores sonhos, cheguei a pensar que acabaria lendo eles um dia e publicando um livro sobre eles", explicou Curran à Agência Efe em Torquay, cidade natal da escritora. Foi ali perto, na residência de verão dos Christie, que o especialista estudou os 73 cadernos conservados.<br/><br/>As anotações são "completamente caóticas". Às vezes a autora começava tratando de um livro e saltava para outro algumas páginas depois. E em alguns casos, ela retomava ideias inacabadas dez anos depois.
650 #0 - ASSUNTO--TERMO TÓPICO
Cabeçalho tópico ou nome geográfico Literatura Inglesa
9 (RLIN) 89
650 #0 - ASSUNTO--TERMO TÓPICO
Cabeçalho tópico ou nome geográfico Historias curtas
9 (RLIN) 67
650 #0 - ASSUNTO--TERMO TÓPICO
Cabeçalho tópico ou nome geográfico Romance Policial
9 (RLIN) 11
650 #0 - ASSUNTO--TERMO TÓPICO
Cabeçalho tópico ou nome geográfico Suspense
9 (RLIN) 10
650 #0 - ASSUNTO--TERMO TÓPICO
Cabeçalho tópico ou nome geográfico Mistério
9 (RLIN) 42
655 #0 - TERMO DE ÍNDICE--GÊNERO E FORMA
Gênero/forma/ou termo foco Conto
700 ## - ENTRADA ADICIONADA - NOME PESSOAL
Nome pessoal Thereza Christina Rocque da Motta
Função do autor por extenso Tradutor
9 (RLIN) 283
830 ## - ENTRADA SECUNDÁRIA DE SÉRIE--TÍTULO UNIFORME
Título uniforme Os diários secretos de Agatha Christie: 50 anos de mistério na criação
9 (RLIN) 284
942 ## - ELEMENTOS DE ENTRADA ADICIONADOS (KOHA)
Fonte de classificação ou esquema de arquivamento Classificação decimal de Dewey
Ocultar no OPAC Não
Tipo de material Koha Livros
Holdings
Situação do descarte Situação das perdas Fonte de classificação ou esquema de arquivamento Status danificado Não pode ser emprestado Coleção Biblioteca de origem Biblioteca atual Localização na estante Data de aquisição Fonte de aquisição Total de empréstimos Número de chamada completo Código de barras Data de último acesso Data do preço efetivo Tipo de material Koha
    Classificação decimal de Dewey     Ficção Biblioteca Professor Eduardo Afonso de Castro Biblioteca Professor Eduardo Afonso de Castro Literatura Estrangeira 02.10.2014 doação   823 / C555i 2025-4810 28.01.2025 28.01.2025 Livros

Powered by Koha